Szczegóły MARC21

Handel we współczesnej gospodarce : instytucje, organizacja, technologia, strategia /

003 -Nazwa inst., której nr kontr. jest w polu 001 [,]
    • @
    • Nazwa instytucji, której n kontrolny jest w polu 001
    • NUKAT
005 -DATA I CZAS OSTATNIEJ MODYFIKACJI [,]
    • @
    • pole kontrolne
    • 20241231092258.0
020 -Międzynarod. znormalizowany nr książki - ISBN [ , ]
    • a
    • Numer ISBN
    • 8320808111 Find
040 -Instytucja sporządzająca opis [ , ]
    • a
    • Instytucja, która sporządziła opis (NP)
    • Ł U/BWES
    • c
    • Instytucja, która sporządziła rekord (NP)
    • Ł U/BWES
    • d
    • Instytucja, która zmodyfikowała rekord (P)
    • Ł U/AS
    • d
    • Instytucja, która zmodyfikowała rekord (P)
    • Ł U/MSs
    • d
    • Instytucja, która zmodyfikowała rekord (P)
    • WR U/JH
942 -Rodzaj dokumentu [ , ]
    • c
    • Rodzaj dokumentu
    • Książka
100 -Hasło główne - nazwa osobowa [1, ]
    • a
    • Nazwa osobowa (NP)
    • Dietl, Jerzy
    • d
    • Daty biograficzne (NP)
    • (1927-2021).
    • 9
    • KHW
    • 25769
245 -Strefa tytułu i oznaczenia odpowiedzialności [1,0]
    • a
    • Tytuł
    • Handel we współczesnej gospodarce : Find
    • b
    • Ciąg dalszy tytułu (NP)
    • instytucje, organizacja, technologia, strategia / Find
    • c
    • Pozostałe elementy strefy tytułu i oznaczenia odpowiedzialności (NP)
    • Jerzy Dietl.
260 -Strefa adresu wydawniczego [ , ]
    • a
    • Miejsce wydania (P)
    • Warszawa :
    • b
    • Nazwa wydawcy (P)
    • Państwowe Wydawnictwo Ekonomiczne,
    • c
    • Data wydania (P)
    • 1991.
300 -Strefa opisu fizycznego [ , ]
    • a
    • Określenie formy książki i/lub objętość (NP)
    • 196, [2] s. ;
    • c
    • Format (NP)
    • 21 cm.
336 -Typ zawartości [ , ]
    • a
    • Termin opisujący typ zawartości
    • Tekst
    • b
    • Kod określający zawartość
    • txt
    • 2
    • Źródło (terminu i kodu)
    • rdacontent
337 -Typ mediów [ , ]
    • a
    • Tryb odtwarzania
    • Bez urządzenia pośredniczącego
    • b
    • Kod typu mediów
    • n
    • 2
    • Źródło (terminu i kodu)
    • rdamedia
338 -Typ/rodzaj nośnika [ , ]
    • a
    • Hasło opisujące typ nośnika
    • Wolumin
    • b
    • Kod typu nośnika
    • nc
    • 2
    • Źródło (terminu i kodu)
    • rdacarrier
504 -Uwaga dot. bibliogr. załącznikowej [ , ]
    • a
    • Uwaga dot. bibliografii załącznikowej
    • Bibliogr. s. 195-[197].
080 -Uniwersalna Klasyfikacja Dziesiętna [ , ]
    • 2
    • Identyfikator wydania tablic
    • UDC-P058
    • a
    • Symbol klasyfikacji
    • 339.3
    • b
    • Dopowiedzenie
    • Handel wewnętrzny. Centra handlowe. Supermarkety i hipermarkety. Handel hurtowy. Handel detaliczny.
650 -Hasło przedmiotowe [ ,7]
    • a
    • Hasło przedmiotowe
    • Handel
    • v
    • Określnik formalny
    • podręczniki akademickie.
    • 2
    • Źródło terminu
    • kaba
    • 9
    • KHW
    • 356547
980 -Symbol UKD [ , ]
    • a
    • UKD
    • 339.3
710 -Hasło dodatkowe - nazwa ciała zbiorowego [2, ]
    • a
    • Nazwa ciała zbiorowego lub nazwa geograficzna jako pierwszy element (NP)
    • Państwowe Wydawnictwo Ekonomiczne.
    • 4
    • Kod relacji
    • pbl
    • 9
    • KHW
    • 56286
920 -ISBN [ , ]
    • a
    • ISBN
    • 83-208-0811-1 Find
Data inwentaryzacji Lokalizacja Numer inwentarzowy Sygnatura Status udost. Uwagi nie widoczne w OPAC
BEE.60275 -2retrokonwersja
BES.72638 2retrokonwersja
BES.72639 2retrokonwersja
BES.72640 2retrokonwersja
BES.72641 2retrokonwersja
BES.72642 -3retrokonwersja
BES.72643 2retrokonwersja
BES.72644 2retrokonwersja
BES.72645 2retrokonwersja
BES.72646 2retrokonwersja
BES.72647 2retrokonwersja
BES.72648 2retrokonwersja
BES.72649 2retrokonwersja
BES.72650 2retrokonwersja
BES.72651 2retrokonwersja
BES.72652 2retrokonwersja
BES.72653 2retrokonwersja
BES.72654 2retrokonwersja
BES.72655 2retrokonwersja
BGZ.81043Z.810432retrokonwersja
BGW.174266W.174266-3retrokonwersja
 BSASA.4637SA.46371retrokonwersja
TTS.72657 -3retrokonwersja
TTS.72656 -3retrokonwersja